[Event "AUTO-ADV-1400"]
[Site "http://www.queenalice.com/game.php?id=805420"]
[Date "2010.7.19"]
[Round "2"]
[White "Larbac"]
[Black "pedone"]
[Result "0-1"]
[WhiteElo "2022"]
[BlackElo "2013"]

1. e4 c6 2. Nf3 d5 3. exd5 cxd5 4. d4 e6 5. Bd3 Nf6 6. O-O a6 7. Re1 Be7 8. Bf4
b5 9. a3 Bb7 10. Ne5 Nbd7 11. c3 O-O 12. Nd2 Rc8 13. Qf3 Ne8 14. Ng4 Bg5 15. Qh3
g6 16. Bxg5 Qxg5 17. Nf3 Qf4 18. Nge5 Rc7 19. Nxd7 Rxd7 20. Re5 Kg7 21. Ng5 Nf6
22. Rxe6 Qxg5 23. Re5 Qd2 24. Re2 Qf4 25. g3 Qg5 26. Rae1 h5 27. f3 Bc8 28. Qg2
Rd6 29. Re5 Qh6 30. h4 Re6 31. f4 Rfe8 32. Qf3 Rxe5 33. dxe5 Nd7 34. Qxd5 Qh8
35. c4 bxc4 36. Bxc4 Qf8 37. Qd4 Qe7 38. b4 Qd8 39. Qd5 Qb6+ 40. Kf1 Qe6 41.
Qxe6 fxe6 42. Rd1 Nb6 43. Bb3 Bd7 44. Rd6 Bb5+ 45. Kf2 Nc4 0-1

[Event "AUTO-ADV-1400"]
[Site "http://www.queenalice.com/game.php?id=805421"]
[Date "2010.7.19"]
[Round "2"]
[White "pedone"]
[Black "Larbac"]
[Result "1-0"]
[WhiteElo "1990"]
[BlackElo "2036"]

1. e4 e5 2. Nf3 d6 3. d4 f6 4. h3 b6 5. Nc3 Bb7 6. dxe5 fxe5 7. Ng5 c6 8. Bc4 d5
9. exd5 Bb4 10. Qe2 cxd5 11. Bb5+ Kf8 12. Ne6+ 1-0

[Event "Let's Play Chess!"]
[Site "http://www.queenalice.com/game.php?id=868108"]
[Date "2010.12.5"]
[Round "-"]
[White "charles31"]
[Black "Larbac"]
[Result "0-1"]
[WhiteElo "1780"]
[BlackElo "2006"]

1. e4 e5 2. Nf3 Nc6 3. d4 exd4 4. Nxd4 Qf6 5. Be3 Bc5 6. c3 Nge7 7. Qd2 h6 8.
Nf3 Bxe3 9. Qxe3 Ng6 10. Bb5 O-O 11. Nbd2 d6 12. O-O-O Be6 13. Kb1 a6 14. Ba4
Rfd8 15. Bb3 d5 16. h3 Nf4 17. exd5 Nxd5 18. Ne4 Qf5 19. Qe2 Nf4 20. Bxe6 Qxe6
21. Rxd8+ Rxd8 22. Qc2 Qd5 23. g3 Ne5 24. Nfd2 Nfd3 25. f4 Nc4 26. Rd1 Nxd2+ 27.
Nxd2 Nf2 28. Kc1 Nxd1 29. Qxd1 Qxa2 30. Qc2 Qa1+ 31. Nb1 a5 32. b3 b5 33. g4 a4
34. bxa4 bxa4 35. c4 a3 36. Qc3 Rd1+ 37. Kxd1 Qxb1+ 38. Qc1 a2 0-1

[Event "Challenge"]
[Site "http://www.queenalice.com/game.php?id=868737"]
[Date "2010.12.7"]
[Round "-"]
[White "etorvici"]
[Black "Larbac"]
[Result "1-0"]
[WhiteElo "1930"]
[BlackElo "1985"]

1. e4 e5 2. Nf3 Nc6 3. Bc4 Nf6 4. Nc3 Be7 5. O-O d6 6. h3 O-O 7. d3 Na5 8. b3 c6
9. b4 Nxc4 10. dxc4 Be6 11. Qd3 Nh5 12. a3 f5 13. exf5 Bxf5 14. Qe2 Bg6 15. Be3
Nf4 16. Bxf4 Rxf4 17. Rfd1 Bf6 18. g3 Rf5 19. Ne4 d5 20. cxd5 cxd5 21. Nxf6+
Qxf6 22. Nh2 Bf7 23. Ng4 Qe6 24. Ne3 Rh5 25. h4 Rd8 26. Ng2 Rf5 27. g4 Rf6 28.
b5 Rf8 29. a4 d4 30. f3 Be8 31. Ra3 Rxf3 32. Rxf3 1-0

[Event "Challenge"]
[Site "http://www.queenalice.com/game.php?id=869708"]
[Date "2010.12.9"]
[Round "-"]
[White "Seabra_Popowski"]
[Black "Larbac"]
[Result "1-0"]
[WhiteElo "1953"]
[BlackElo "2003"]

1. e4 e5 2. Nf3 Nc6 3. Bb5 a6 4. Ba4 Nf6 5. O-O Be7 6. Re1 b5 7. Bb3 d6 8. c3
Na5 9. Bc2 c5 10. h3 Qc7 11. d3 Nc6 12. Bg5 O-O 13. Nbd2 a5 14. Nf1 h6 15. Bh4
Be6 16. Ne3 g6 17. Qd2 g5 18. Bg3 Qd7 19. d4 exd4 20. cxd4 d5 21. exd5 Nxd5 22.
Nxd5 Qxd5 23. Be4 Qd7 24. d5 f5 25. dxc6 Qxd2 26. Nxd2 fxe4 27. Rxe4 Rf6 28.
Rae1 Kf7 29. Nf3 Re8 30. Ne5+ Kg7 31. Nd7 Kf7 32. Nxf6 Bxf6 33. c7 Re7 34. Rxe6
1-0

[Event "Challenge"]
[Site "http://www.queenalice.com/game.php?id=870951"]
[Date "2010.12.12"]
[Round "-"]
[White "Zarathustra"]
[Black "Larbac"]
[Result "1-0"]
[WhiteElo "1950"]
[BlackElo "2041"]

1. e4 e5 2. f4 d6 3. Nf3 Bg4 4. Nc3 Nf6 5. Bc4 Nc6 6. O-O Nd4 7. d3 Bxf3 8. gxf3
c6 9. fxe5 dxe5 10. f4 b5 11. Bxf7+ Kxf7 12. fxe5 Be7 13. exf6 gxf6 14. Qh5+ Ke6
15. Qh3+ Kf7 16. e5 Rg8+ 17. Kh1 Rh8 18. Bg5 f5 19. e6+ Kxe6 20. Rae1+ 1-0

[Event "Challenge"]
[Site "http://www.queenalice.com/game.php?id=871082"]
[Date "2010.12.12"]
[Round "-"]
[White "DAPONT"]
[Black "Larbac"]
[Result "1-0"]
[WhiteElo "2047"]
[BlackElo "2001"]

1. d4 d5 2. Nf3 Nf6 3. Bf4 Nc6 4. h3 e6 5. e3 a6 6. a3 Be7 7. Bd3 O-O 8. O-O Nd7
9. Nbd2 f5 10. c4 g5 11. cxd5 exd5 12. Bh2 Bd6 13. Bxd6 cxd6 14. Qb3 Nb6 15.
Nxg5 Qxg5 16. Qxb6 Rf7 17. f4 Qg6 18. Qb3 Ne7 19. Rac1 Rg7 20. Rf2 Qg3 21. Bf1
Qxh3 22. Rc7 Qh4 23. Be2 Rg6 24. Bf3 Rh6 25. Kf1 Kh8 26. Ke2 Re6 27. Bxd5 Nxd5
28. Qxd5 Qg4+ 29. Nf3 Qg8 30. Kd2 Qg3 31. Re2 h6 32. Qxf5 Qg8 33. Nh4 d5 34. Rf7
Re8 35. Qf6+ 1-0

[Event "Challenge"]
[Site "http://www.queenalice.com/game.php?id=871103"]
[Date "2010.12.12"]
[Round "-"]
[White "PassedPawn"]
[Black "Larbac"]
[Result "1-0"]
[WhiteElo "2103"]
[BlackElo "2021"]

1. e4 e5 2. Nc3 Nf6 3. Bc4 Nc6 4. d3 h6 5. Nf3 Bc5 6. O-O O-O 7. a3 a6 8. b4 Ba7
9. Bb2 d6 10. h3 Ne7 11. Nd5 Nexd5 12. exd5 Bf5 13. Nh4 Qd7 14. Qf3 Bh7 15. Rfe1
Bg6 16. Bb3 Bh7 17. c4 h5 18. c5 Rae8 19. Rac1 b6 20. c6 Qc8 21. d4 e4 22. Qg3
Bf5 23. Qg5 Bh7 24. Re3 Kh8 25. Rg3 Rg8 26. Re1 b5 27. Bd1 Qd8 28. Ree3 Nxd5 29.
Qxd5 Qxh4 30. Qxf7 Re7 31. Qxh5 Qf6 32. Qg5 Ree8 33. Qxf6 gxf6 34. Bh5 Ref8 35.
Rxg8+ Rxg8 36. Bf7 Rg7 37. Be6 Re7 38. d5 Bxe3 39. Bxf6+ Rg7 40. Bxg7+ Kxg7 41.
fxe3 Bg8 42. Bxg8 Kxg8 43. g4 Kg7 44. Kg2 Kg6 45. Kg3 Kg5 46. h4+ Kg6 47. Kf4
1-0

[Event "Challenge"]
[Site "http://www.queenalice.com/game.php?id=871289"]
[Date "2010.12.13"]
[Round "-"]
[White "fluffybunnyfeet"]
[Black "Larbac"]
[Result "0-1"]
[WhiteElo "2003"]
[BlackElo "2013"]

1. e4 e5 2. Bc4 Nf6 3. d3 h6 4. f4 Nc6 5. Nf3 Bd6 6. f5 Na5 7. Bb3 b6 8. h3 Bb7
9. Bd2 Nc6 10. Nc3 Qe7 11. Qe2 Na5 12. g4 Nxb3 13. axb3 a6 14. O-O-O Bc6 15. Kb1
a5 16. Rdg1 a4 17. h4 a3 18. bxa3 Bxa3 19. g5 Bb2 20. Bc1 Ra1+ 21. Kxb2 Qa3# 0-1

[Event "Challenge"]
[Site "http://www.queenalice.com/game.php?id=874710"]
[Date "2010.12.21"]
[Round "-"]
[White "LAIRE"]
[Black "Larbac"]
[Result "1-0"]
[WhiteElo "2067"]
[BlackElo "1998"]

1. d4 d5 2. c4 e6 3. Nc3 Nf6 4. Bg5 Be7 5. e3 c6 6. Nf3 O-O 7. Rc1 Ne4 8. Nxe4
dxe4 9. Bxe7 Qxe7 10. Nd2 f5 11. Be2 Nd7 12. O-O c5 13. Nb3 b6 14. dxc5 bxc5 15.
Rc2 a5 16. Rd2 Ne5 17. Qc2 Bb7 18. Qc3 Nc6 19. Rfd1 Rad8 20. Nxa5 Nxa5 21. Qxa5
Rxd2 22. Qxd2 Bc6 23. Qd6 Qxd6 24. Rxd6 Ba4 25. b3 Be8 26. Rxe6 Bd7 27. Rd6 Rf7
28. f3 Be8 29. Rd5 exf3 30. Bxf3 Rc7 31. Rxf5 Bg6 32. Bd5+ Bf7 33. Rxf7 Rxf7 34.
Bxf7+ Kxf7 35. a3 Ke7 36. b4 Kd6 37. b5 Kc7 38. Kf2 g5 39. Kf3 h6 40. Ke4 Kd6
41. g4 Kc7 42. Kd5 1-0

[Event "Let's Play Chess!"]
[Site "http://www.queenalice.com/game.php?id=875269"]
[Date "2010.12.25"]
[Round "-"]
[White "Giant"]
[Black "Larbac"]
[Result "1-0"]
[WhiteElo "2343"]
[BlackElo "2005"]

1. e4 e5 2. Nc3 Nc6 3. Nf3 Nf6 4. a3 Bc5 5. Be2 d6 6. O-O O-O 7. d3 d5 8. Bg5
Be7 9. Bxf6 gxf6 10. Nxd5 Kh8 11. Ne3 Rg8 12. Nh4 Bc5 13. Nef5 Nd4 14. Nh6 Rg7
15. c3 Nxe2+ 16. Qxe2 Be6 17. N6f5 Bxf5 18. Nxf5 Rg5 19. h4 Rg6 20. Rad1 Qd7 21.
d4 exd4 22. cxd4 Bb6 23. g3 Rag8 24. Kh2 c6 25. Rg1 Re8 26. Qf3 Qe6 27. Rge1 Bc7
28. b4 Qa2 29. Re2 Qc4 30. Rd3 Bb6 31. Nd6 Qe6 32. Nxe8 Qxe8 33. h5 Rh6 34. Qf5
Qd8 35. Red2 Qg8 36. f4 Qg7 37. g4 Qg8 38. d5 c5 39. bxc5 Bxc5 40. d6 1-0

[Event "Challenge"]
[Site "http://www.queenalice.com/game.php?id=876660"]
[Date "2010.12.25"]
[Round "-"]
[White "Nico27"]
[Black "Larbac"]
[Result "1-0"]
[WhiteElo "2033"]
[BlackElo "2021"]

1. d4 d5 2. e4 dxe4 3. Nc3 f5 4. f3 Nf6 5. Bc4 Nc6 6. Be3 a6 7. Qd2 h6 8. O-O-O
e6 9. a3 Na5 10. Ba2 c6 11. fxe4 fxe4 12. h3 Bd6 13. Nge2 g5 14. Rhf1 b5 15.
Bxg5 hxg5 16. Qxg5 Be7 17. Qg6+ Kd7 18. Nxe4 Nxe4 19. Bxe6+ Kc7 20. Qxe4 Bxe6
21. Qxe6 Nc4 22. Rf7 Re8 23. d5 Qd6 24. Nf4 Qxe6 25. Nxe6+ Kd6 26. Ng7 Bg5+ 27.
Kb1 Re7 28. Nf5+ Kd7 29. Nxe7 Bxe7 30. dxc6+ Ke8 31. Rh7 Bf6 32. c3 Rc8 33. c7
Nb6 34. Re1+ Kf8 35. Rh6 Nd5 36. Re6 Kg7 37. Rh5 Nf4 38. Rxf6 Kxf6 39. Rh6+ Ng6
40. g4 Rxc7 41. h4 Kg7 42. g5 Rc6 43. h5 Ne5 44. Rxc6 Nxc6 45. Kc2 Ne5 46. Kb3
Nf7 47. Kb4 1-0